[Event "Muensterland Verbandsklasse-A 1213"]
[Site "Germany"]
[Date "2013.05.11"]
[Round "9.7"]
[White "Messelink, Gerrit"]
[Black "Gebker Erning, Timon"]
[Result "1/2-1/2"]
[WhiteElo "1581"]
[BlackElo "1729"]
[PlyCount "42"]
[EventDate "2012.09.15"]
[EventType "team-tourn"]
[EventRounds "9"]
[EventCountry "GER"]
[SourceTitle "EXT 2015"]
[Source "ChessBase"]
[SourceDate "2014.11.20"]
[SourceVersion "1"]
[SourceVersionDate "2014.11.20"]
[SourceQuality "1"]
[WhiteTeam "Ahaus Wessum"]
[BlackTeam "Nienberge II"]
[WhiteTeamCountry "GER"]
[BlackTeamCountry "GER"]

1. Nf3 d5 2. c4 c6 3. e3 Nf6 4. b3 Bg4 5. Bb2 Nbd7 6. Be2 dxc4 7. Bxc4 e6 8. 0-0 Bd6 9. d4 0-0 10. Nbd2 e5 11. dxe5 Bxe5 12. Qc2 Bxb2 13. Qxb2 Qe7 14. Rac1 Rad8 15. Rfe1 Ne4 16. Nxe4 Qxe4 17. Be2 Nb6 18. Rc5 Rd5 19. Rec1 Rfd8 20. h3 Bh5 21. Rxd5 Rxd5 1/2-1/2